Estatísticas para Campeões Ingleses

Clique aqui para jogar o quiz

Estatísticas Gerais

  • Esse quiz foi jogado 76 vezes
  • A pontuação média é 95 de 120

Estatísticas das Respostas

TemporadaCampeão% Correto
1900-01 | 1905-06 | 1921-22 | +15 othersLiverpool
100%
1936-37 | 1967-68 | 2011-12 | +3 othersManchester City
99%
1907-08 | 1910-11 | 1951-52 | +17 othersManchester United
99%
1954-55 | 2004-05 | 2005-06 | +3 othersChelsea
97%
1930-31 | 1932-33 | 1933-34 | +10 othersArsenal
90%
2015-16Leicester City
90%
1950-51 | 1960-61Tottenham
88%
1893-94 | 1895-96 | 1896-97 | +4 othersAston Villa
81%
1890-91 | 1914-15 | 1927-28 | +6 othersEverton
81%
1977-78Nottingham Forest
78%
1904-05 | 1906-07 | 1908-09 | 1926-27Newcastle United
76%
1968-69 | 1973-74 | 1991-92Leeds United
72%
1911-12 | 1913-14 | 1994-95Blackburn Rovers
61%
1897-98Sheffield United
54%
1891-92 | 1892-93 | 1894-95 | +3 othersSunderland
49%
1971-72 | 1974-75Derby County
48%
1953-54 | 1957-58 | 1958-59Wolverhampton
43%
1920-21 | 1959-60Burnley
42%
1888-89 | 1989-90Preston North End
37%
1902-03 | 1903-04 | 1928-29 | 1929-30Sheffield Wednesday
34%
1919-20West Brom
34%
1961-62Ipswich Town
30%
1923-24 | 1924-25 | 1925-26Huddersfield Town
28%
1948-49 | 1949-50Portsmouth
27%

Distribuição das Pontuações

Percentil de Números Respondidos

Porcentagem de Pessoas com Cada Pontuação

Sua Pontuação Histórica

Você não jogou esse quiz